[Event "Stay Safe Play From Home 278"]
[Site "Emanuel Lasker Arena"]
[Date "2020.07.05"]
[Round "1"]
[White "Broken sword"]
[Black "Bardellosport"]
[Result "1-0"]
[WhiteElo "2470"]
[BlackElo "1916"]
[PlyCount "75"]
[EventDate "2020.07.05"]
[EventType "swiss (blitz)"]

1. d4 {[%emt 0:00:01]} d6 {[%emt 0:00:01]} 2. c4 {[%emt 0:00:01]} Nd7 {[%emt 0:00:00]} 3. Nc3 {[%emt 0:00:00]} Ngf6 {[%emt 0:00:00]} 4. e4 {[%emt 0:00:00]} e5 {[%emt 0:00:00]} 5. d5 {[%emt 0:00:00]} Be7 {[%emt 0:00:01]} 6. Bd3 {[%emt 0:00:01]} c6 {[%emt 0:00:00]} 7. Nge2 {[%emt 0:00:00]} cxd5 {[%emt 0:00:00]} 8. cxd5 {[%emt 0:00:01]} Nc5 {[%emt 0:00:00]} 9. Bc2 {[%emt 0:00:01]} O-O {[%emt 0:00:01]} 10. f3 {[%emt 0:00:00]} h6 {[%emt 0:00:01]} 11. Be3 {[%emt 0:00:01]} a6 {[%emt 0:00:01]} 12. Qd2 {[%emt 0:00:01]} b5 {[%emt 0:00:01]} 13. b4 {[%emt 0:00:01]} Nb7 {[%emt 0:00:02]} 14. O-O {[%emt 0:00:01]} Ne8 {[%emt 0:00:01]} 15. a4 {[%emt 0:00:01]} f5 {[%emt 0:00:01]} 16. axb5 {[%emt 0:00:02]} Rb8 {[%emt 0:00:02]} 17. bxa6 {[%emt 0:00:01]} f4 {[%emt 0:00:06]} 18. Bf2 {[%emt 0:00:01]} Qd7 {[%emt 0:00:03]} 19. axb7 {[%emt 0:00:01]} Rxb7 {[%emt 0:00:01]} 20. b5 {[%emt 0:00:02]} g5 {[%emt 0:00:01]} 21. b6 {[%emt 0:00:01]} Nf6 {[%emt 0:00:01]} 22. Kh1 {[%emt 0:00:06]} Qe8 {[%emt 0:00:01]} 23. Ra7 {[%emt 0:00:07]} Qg6 {[%emt 0:00:01]} 24. Ng1 {[%emt 0:00:01]} h5 {[%emt 0:00:01]} 25. Bd1 {[%emt 0:00:01]} g4 {[%emt 0:00:01]} 26. Bh4 {[%emt 0:00:00]} g3 {[%emt 0:00:02]} 27. h3 {[%emt 0:00:01]} Nxd5 {[%emt 0:00:04]} 28. Qxd5+ {[%emt 0:00:05]} Be6 {[%emt 0:00:02]} 29. Qxb7 {[%emt 0:00:01]} Bxh4 {[%emt 0:00:01]} 30. Nd5 {[%emt 0:00:02]} Bxd5 {[%emt 0:00:01]} 31. exd5 {[%emt 0:00:00]} e4 {[%emt 0:00:01]} 32. fxe4 {[%emt 0:00:01]} f3 {[%emt 0:00:01]} 33. Bxf3 {[%emt 0:00:01]} Bf6 {[%emt 0:00:03]} 34. Qd7 {[%emt 0:00:02]} Qg5 {[%emt 0:00:01]} 35. Qe6+ {[%emt 0:00:01]} Kh8 {[%emt 0:00:01]} 36. Rf7 {[%emt 0:00:01]} Rg8 {[%emt 0:00:01]} 37. Rxf6 {[%emt 0:00:01]} Qg7 {[%emt 0:00:01]} 38. Rh6+ {[%emt 0:00:01] Bardellosport abbandona (Lag: Av=0.32s, max=1.6s)} 1-0

[Event "Stay Safe Play From Home 278"]
[Site "Emanuel Lasker Arena"]
[Date "2020.07.05"]
[Round "1"]
[White "Rogan"]
[Black "Yashjain14"]
[Result "1-0"]
[WhiteElo "2239"]
[BlackElo "1620"]
[Annotator "NA"]
[PlyCount "41"]
[EventDate "2020.07.05"]
[EventType "swiss (blitz)"]

1. e4 {[%emt 0:00:09]} e5 {[%emt 0:00:01]} 2. Nf3 {[%emt 0:00:01]} Nc6 {[%emt 0:00:02]} 3. Bc4 {[%emt 0:00:00]} Nf6 {[%emt 0:00:01]} 4. Nc3 {[%emt 0:00:01]} Bc5 {[%emt 0:00:01]} 5. O-O {[%emt 0:00:01]} O-O {[%emt 0:00:00]} 6. Nd5 {[%emt 0:00:00]} d6 {[%emt 0:00:04]} 7. d3 {[%emt 0:00:00]} Ne7 {[%emt 0:00:04]} 8. Bg5 {[%emt 0:00:04]} Nfxd5 {[%emt 0:00:06]} 9. Bxd5 {[%emt 0:00:00]} Kh8 {[%emt 0:00:06]} 10. Bb3 {[%emt 0:00:04]} f6 {[%emt 0:00:04]} 11. Bh4 {[%emt 0:00:02]} Ng6 {[%emt 0:00:02]} 12. Bg3 {[%emt 0:00:01]} Re8 {[%emt 0:00:02]} 13. Nh4 {[%emt 0:00:01]} Nxh4 {[%emt 0:00:04]} 14. Bxh4 {[%emt 0:00:00]} Be6 {[%emt 0:00:02]} 15. Kh1 {[%emt 0:00:02]} Bxb3 {[%emt 0:00:03]} 16. axb3 {[%emt 0:00:01]} c6 {[%emt 0:00:06]} 17. f4 {[%emt 0:00:02]} exf4 {[%emt 0:00:04]} 18. Rxf4 {[%emt 0:00:05]} Bb6 {[%emt 0:00:00]} 19. Qh5 {[%emt 0:00:04]} h6 {[%emt 0:00:05]} 20. Rxf6 {[%emt 0:00:02]} gxf6 {[%emt 0:00:03]} 21. Qxh6+ {[%emt 0:00:00] Time (Lag: Av=1.15s, max=2.0s)} 1-0

[Event "Stay Safe Play From Home 278"]
[Site "Emanuel Lasker Arena"]
[Date "2020.07.05"]
[Round "1"]
[White "Lazieri3"]
[Black "Haxhi Baha"]
[Result "0-1"]
[WhiteElo "2072"]
[BlackElo "2053"]
[PlyCount "60"]
[EventDate "2020.07.05"]
[EventType "swiss (blitz)"]

1. e4 {[%emt 0:00:01]} e6 {[%emt 0:00:01]} 2. Nc3 {[%emt 0:00:00]} d5 {[%emt 0:00:00]} 3. exd5 {[%emt 0:00:00]} exd5 {[%emt 0:00:00]} 4. d4 {[%emt 0:00:00]} c6 {[%emt 0:00:00]} 5. Nf3 {[%emt 0:00:00]} Nf6 {[%emt 0:00:00]} 6. Bg5 {[%emt 0:00:01]} Be7 {[%emt 0:00:01]} 7. Ne5 {[%emt 0:00:01]} O-O {[%emt 0:00:01]} 8. Bd3 {[%emt 0:00:01]} Nbd7 {[%emt 0:00:01]} 9. Nxd7 {[%emt 0:00:02]} Bxd7 {[%emt 0:00:01]} 10. O-O {[%emt 0:00:00]} h6 {[%emt 0:00:01]} 11. Bh4 {[%emt 0:00:01]} Qb6 {[%emt 0:00:01]} 12. Ne2 {[%emt 0:00:03]} Rfe8 {[%emt 0:00:03]} 13. b3 {[%emt 0:00:02]} Ne4 {[%emt 0:00:01]} 14. Bxe7 {[%emt 0:00:02]} Rxe7 {[%emt 0:00:01]} 15. c3 {[%emt 0:00:01]} Rae8 {[%emt 0:00:03]} 16. Qc2 {[%emt 0:00:02]} f5 {[%emt 0:00:02]} 17. Ng3 {[%emt 0:00:03]} f4 {[%emt 0:00:04]} 18. Nxe4 {[%emt 0:00:02]} dxe4 {[%emt 0:00:00]} 19. Bc4+ {[%emt 0:00:01]} Kh8 {[%emt 0:00:01]} 20. Rfe1 {[%emt 0:00:01]} Bf5 {[%emt 0:00:03]} 21. Qd2 {[%emt 0:00:02]} e3 {[%emt 0:00:01]} 22. fxe3 {[%emt 0:00:01]} fxe3 {[%emt 0:00:00]} 23. Qe2 {[%emt 0:00:02]} c5 {[%emt 0:00:01]} 24. dxc5 {[%emt 0:00:03]} Qxc5 {[%emt 0:00:00]} 25. Kh1 {[%emt 0:00:01]} Qe5 {[%emt 0:00:03]} 26. Bd3 {[%emt 0:00:03]} Bd7 {[%emt 0:00:03]} 27. c4 {[%emt 0:00:08]} Bc6 {[%emt 0:00:01]} 28. Rad1 {[%emt 0:00:02]} Qg5 {[%emt 0:00:01]} 29. Bb1 {[%emt 0:00:02]} Rf8 {[%emt 0:00:01]} 30. Qd3 {[%emt 0:00:04]} Qxg2# {[%emt 0:00:03] (Lag: Av=1.09s, max=1.7s)} 0-1

[Event "Stay Safe Play From Home 278"]
[Site "Emanuel Lasker Arena"]
[Date "2020.07.05"]
[Round "1"]
[White "The Next Contender"]
[Black "Justwatch"]
[Result "1-0"]
[WhiteElo "2014"]
[BlackElo "1722"]
[PlyCount "59"]
[EventDate "2020.07.05"]
[EventType "swiss (blitz)"]

1. d4 {[%emt 0:00:04]} Nf6 {[%emt 0:00:00]} 2. c4 {[%emt 0:00:01]} g6 {[%emt 0:00:00]} 3. g3 {[%emt 0:00:01]} Bg7 {[%emt 0:00:00]} 4. Bg2 {[%emt 0:00:00]} O-O {[%emt 0:00:00]} 5. Nf3 {[%emt 0:00:01]} d6 {[%emt 0:00:00]} 6. O-O {[%emt 0:00:00]} Nc6 {[%emt 0:00:00]} 7. e3 {[%emt 0:00:00]} Bg4 {[%emt 0:00:02]} 8. h3 {[%emt 0:00:01]} Bxf3 {[%emt 0:00:00]} 9. Bxf3 {[%emt 0:00:01]} Rb8 {[%emt 0:00:00]} 10. b3 {[%emt 0:00:01]} a6 {[%emt 0:00:01]} 11. Nc3 {[%emt 0:00:01]} e6 {[%emt 0:00:00]} 12. Bb2 {[%emt 0:00:01]} Ne7 {[%emt 0:00:02]} 13. Qc2 {[%emt 0:00:01]} Qc8 {[%emt 0:00:01]} 14. Bg2 {[%emt 0:00:01]} Nf5 {[%emt 0:00:01]} 15. Rfe1 {[%emt 0:00:01]} Nh6 {[%emt 0:00:01]} 16. e4 {[%emt 0:00:01]} Nd7 {[%emt 0:00:02]} 17. Rad1 {[%emt 0:00:01]} Nb6 {[%emt 0:00:01]} 18. f4 {[%emt 0:00:01]} Nd7 {[%emt 0:00:07]} 19. e5 {[%emt 0:00:01]} dxe5 {[%emt 0:00:04]} 20. fxe5 {[%emt 0:00:00]} Nf5 {[%emt 0:00:01]} 21. Ne2 {[%emt 0:00:02]} Nb6 {[%emt 0:00:01]} 22. Kh2 {[%emt 0:00:01]} Qd8 {[%emt 0:00:03]} 23. d5 {[%emt 0:00:01]} exd5 {[%emt 0:00:02]} 24. cxd5 {[%emt 0:00:00]} Qg5 {[%emt 0:00:02]} 25. e6 {[%emt 0:00:05]} fxe6 {[%emt 0:00:01]} 26. dxe6 {[%emt 0:00:01]} Ne3 {[%emt 0:00:15]} 27. Qd2 {[%emt 0:00:06]} Bh6 {[%emt 0:00:04]} 28. Nf4 {[%emt 0:00:05]} Nf5 {[%emt 0:00:03]} 29. Qc3 {[%emt 0:00:01]} Nd5 {[%emt 0:00:03]} 30. Qh8# {[%emt 0:00:01] (Lag: Av=0.57s, max=0.7s)} 1-0

[Event "Stay Safe Play From Home 278"]
[Site "Emanuel Lasker Arena"]
[Date "2020.07.05"]
[Round "1"]
[White "NeatFox"]
[Black "BrainThinker22"]
[Result "0-1"]
[WhiteElo "1967"]
[BlackElo "2413"]
[Annotator "NA"]
[PlyCount "58"]
[EventDate "2020.07.05"]
[EventType "swiss (blitz)"]

1. g4 {[%emt 0:00:01]} d5 {[%emt 0:00:01]} 2. Bg2 {[%emt 0:00:00]} c6 {[%emt 0:00:00]} 3. c4 {[%emt 0:00:01]} e6 {[%emt 0:00:00]} 4. cxd5 {[%emt 0:00:00]} exd5 {[%emt 0:00:00]} 5. Qb3 {[%emt 0:00:01]} Qb6 {[%emt 0:00:02]} 6. Qxb6 {[%emt 0:00:01]} axb6 {[%emt 0:00:00]} 7. d4 {[%emt 0:00:03]} Bxg4 {[%emt 0:00:01]} 8. Nf3 {[%emt 0:00:01]} Nf6 {[%emt 0:00:01]} 9. e3 {[%emt 0:00:01]} Nbd7 {[%emt 0:00:00]} 10. Nc3 {[%emt 0:00:01]} Bb4 {[%emt 0:00:01]} 11. Bd2 {[%emt 0:00:01]} O-O {[%emt 0:00:00]} 12. a3 {[%emt 0:00:01]} Bxc3 {[%emt 0:00:01]} 13. Bxc3 {[%emt 0:00:01]} Ne4 {[%emt 0:00:00]} 14. O-O {[%emt 0:00:02]} Nxc3 {[%emt 0:00:01]} 15. bxc3 {[%emt 0:00:00]} Ra6 {[%emt 0:00:01]} 16. Nd2 {[%emt 0:00:02]} Rfa8 {[%emt 0:00:02]} 17. Nb1 {[%emt 0:00:01]} Bf5 {[%emt 0:00:01]} 18. Ra2 {[%emt 0:00:02]} Bxb1 {[%emt 0:00:02]} 19. Rxb1 {[%emt 0:00:00]} Rxa3 {[%emt 0:00:00]} 20. Rxa3 {[%emt 0:00:00]} Rxa3 {[%emt 0:00:00]} 21. Rc1 {[%emt 0:00:01]} Kf8 {[%emt 0:00:01]} 22. e4 {[%emt 0:00:01]} dxe4 {[%emt 0:00:02]} 23. Bxe4 {[%emt 0:00:01]} Nf6 {[%emt 0:00:00]} 24. Bd3 {[%emt 0:00:01]} Ke7 {[%emt 0:00:01]} 25. Kf1 {[%emt 0:00:01]} Kd6 {[%emt 0:00:00]} 26. Ke2 {[%emt 0:00:00]} Ra2+ {[%emt 0:00:00]} 27. Ke3 {[%emt 0:00:00]} Nd5+ {[%emt 0:00:01]} 28. Ke4 {[%emt 0:00:03]} Rxf2 {[%emt 0:00:01]} 29. Re1 {[%emt 0:00:02]} Rf4# {[%emt 0:00:01] (Lag: Av=0.67s, max=1.3s)} 0-1

[Event "Stay Safe Play From Home 278"]
[Site "Emanuel Lasker Arena"]
[Date "2020.07.05"]
[Round "1"]
[White "Edmatuag"]
[Black "SoulofWolf"]
[Result "0-1"]
[WhiteElo "1682"]
[BlackElo "2153"]
[PlyCount "74"]
[EventDate "2020.07.05"]
[EventType "swiss (blitz)"]

1. f3 {[%emt 0:00:03]} d5 {[%emt 0:00:00]} 2. Nh3 {[%emt 0:00:00]} c5 {[%emt 0:00:00]} 3. Nf2 {[%emt 0:00:00]} Nc6 {[%emt 0:00:00]} 4. d3 {[%emt 0:00:00]} g6 {[%emt 0:00:00]} 5. Nd2 {[%emt 0:00:00]} Bg7 {[%emt 0:00:00]} 6. Nb3 {[%emt 0:00:00]} e5 {[%emt 0:00:01]} 7. Nxc5 {[%emt 0:00:01]} Qe7 {[%emt 0:00:00]} 8. Nb3 {[%emt 0:00:01]} Nf6 {[%emt 0:00:00]} 9. Bd2 {[%emt 0:00:01]} O-O {[%emt 0:00:00]} 10. c4 {[%emt 0:00:01]} a5 {[%emt 0:00:01]} 11. cxd5 {[%emt 0:00:01]} Nxd5 {[%emt 0:00:00]} 12. Qc2 {[%emt 0:00:01]} Be6 {[%emt 0:00:04]} 13. a3 {[%emt 0:00:01]} Rac8 {[%emt 0:00:01]} 14. Qc5 {[%emt 0:00:02]} Qd8 {[%emt 0:00:06]} 15. Rc1 {[%emt 0:00:05]} Re8 {[%emt 0:00:01]} 16. Qb5 {[%emt 0:00:02]} Qd7 {[%emt 0:00:09]} 17. Ne4 {[%emt 0:00:01]} Bf8 {[%emt 0:00:02]} 18. Nbc5 {[%emt 0:00:02]} Bxc5 {[%emt 0:00:01]} 19. Nxc5 {[%emt 0:00:00]} Qe7 {[%emt 0:00:00]} 20. Nxe6 {[%emt 0:00:02]} Qxe6 {[%emt 0:00:00]} 21. Qxb7 {[%emt 0:00:01]} Nd4 {[%emt 0:00:01]} 22. e3 {[%emt 0:00:03]} Rxc1+ {[%emt 0:00:02]} 23. Bxc1 {[%emt 0:00:01]} Nc2+ {[%emt 0:00:04]} 24. Kd1 {[%emt 0:00:01]} Ncxe3+ {[%emt 0:00:01]} 25. Bxe3 {[%emt 0:00:02]} Nxe3+ {[%emt 0:00:00]} 26. Ke2 {[%emt 0:00:01]} Nc2 {[%emt 0:00:02]} 27. Qb5 {[%emt 0:00:03]} Rd8 {[%emt 0:00:05]} 28. Qc4 {[%emt 0:00:03]} Nd4+ {[%emt 0:00:00]} 29. Kd2 {[%emt 0:00:01]} Qf5 {[%emt 0:00:01]} 30. Kc3 {[%emt 0:00:01]} Rc8 {[%emt 0:00:01]} 31. b3 {[%emt 0:00:04]} Kg7 {[%emt 0:00:01]} 32. Kb2 {[%emt 0:00:02]} Rxc4 {[%emt 0:00:01]} 33. bxc4 {[%emt 0:00:01]} Qc8 {[%emt 0:00:01]} 34. Kc3 {[%emt 0:00:01]} Qb7 {[%emt 0:00:01]} 35. Kd2 {[%emt 0:00:02]} Qb2+ {[%emt 0:00:01]} 36. Ke3 {[%emt 0:00:01]} Nf5+ {[%emt 0:00:01]} 37. Ke4 {[%emt 0:00:01]} Qd4# {[%emt 0:00:02] (Lag: Av=0.43s, max=1.6s)} 0-1

[Event "Stay Safe Play From Home 278"]
[Site "Emanuel Lasker Arena"]
[Date "2020.07.05"]
[Round "2"]
[White "BrainThinker22"]
[Black "The Next Contender"]
[Result "1-0"]
[WhiteElo "2416"]
[BlackElo "2020"]
[Annotator "NA"]
[PlyCount "103"]
[EventDate "2020.07.05"]
[EventType "swiss (blitz)"]

1. e4 {[%emt 0:00:04]} d5 {[%emt 0:00:00]} 2. exd5 {[%emt 0:00:01]} Qxd5 {[%emt 0:00:01]} 3. Nf3 {[%emt 0:00:00]} Qa5 {[%emt 0:00:00]} 4. Be2 {[%emt 0:00:00]} c6 {[%emt 0:00:00]} 5. O-O {[%emt 0:00:00]} Bf5 {[%emt 0:00:00]} 6. d4 {[%emt 0:00:00]} e6 {[%emt 0:00:00]} 7. c4 {[%emt 0:00:00]} Nf6 {[%emt 0:00:00]} 8. Nc3 {[%emt 0:00:00]} Be7 {[%emt 0:00:00]} 9. h3 {[%emt 0:00:00]} O-O {[%emt 0:00:00]} 10. Re1 {[%emt 0:00:03]} Nbd7 {[%emt 0:00:01]} 11. Bf4 {[%emt 0:00:01]} Rfe8 {[%emt 0:00:01]} 12. Bd3 {[%emt 0:00:02]} Bxd3 {[%emt 0:00:01]} 13. Qxd3 {[%emt 0:00:00]} c5 {[%emt 0:00:02]} 14. d5 {[%emt 0:00:01]} exd5 {[%emt 0:00:01]} 15. cxd5 {[%emt 0:00:00]} Bf8 {[%emt 0:00:03]} 16. Nb5 {[%emt 0:00:01]} Rxe1+ {[%emt 0:00:05]} 17. Rxe1 {[%emt 0:00:00]} a6 {[%emt 0:00:01]} 18. Nc7 {[%emt 0:00:02]} Rc8 {[%emt 0:00:01]} 19. d6 {[%emt 0:00:02]} Qb6 {[%emt 0:00:01]} 20. b3 {[%emt 0:00:02]} Nh5 {[%emt 0:00:03]} 21. Bh2 {[%emt 0:00:01]} Nhf6 {[%emt 0:00:05]} 22. Nd5 {[%emt 0:00:10]} Qc6 {[%emt 0:00:03]} 23. Ne7+ {[%emt 0:00:02]} Bxe7 {[%emt 0:00:01]} 24. dxe7 {[%emt 0:00:00]} Re8 {[%emt 0:00:01]} 25. Nh4 {[%emt 0:00:04]} Nb8 {[%emt 0:00:03]} 26. Nf5 {[%emt 0:00:01]} Qc8 {[%emt 0:00:01]} 27. Nd6 {[%emt 0:00:01]} Qd7 {[%emt 0:00:01]} 28. Nxe8 {[%emt 0:00:01]} Qxd3 {[%emt 0:00:02]} 29. Nxf6+ {[%emt 0:00:01]} gxf6 {[%emt 0:00:01]} 30. e8=Q+ {[%emt 0:00:00]} Kg7 {[%emt 0:00:00]} 31. Qxb8 {[%emt 0:00:01]} Qd2 {[%emt 0:00:01]} 32. Qg3+ {[%emt 0:00:00]} Kf8 {[%emt 0:00:02]} 33. Qd6+ {[%emt 0:00:02]} Qxd6 {[%emt 0:00:02]} 34. Bxd6+ {[%emt 0:00:00]} Kg7 {[%emt 0:00:00]} 35. Bxc5 {[%emt 0:00:00]} a5 {[%emt 0:00:01]} 36. Bb6 {[%emt 0:00:01]} Kg6 {[%emt 0:00:01]} 37. Bxa5 {[%emt 0:00:01]} Kf5 {[%emt 0:00:00]} 38. Bb6 {[%emt 0:00:01]} Kg5 {[%emt 0:00:00]} 39. a4 {[%emt 0:00:00]} f5 {[%emt 0:00:00]} 40. b4 {[%emt 0:00:00]} f6 {[%emt 0:00:01]} 41. b5 {[%emt 0:00:00]} h6 {[%emt 0:00:00]} 42. a5 {[%emt 0:00:00]} h5 {[%emt 0:00:00]} 43. a6 {[%emt 0:00:00]} bxa6 {[%emt 0:00:00]} 44. bxa6 {[%emt 0:00:00]} h4 {[%emt 0:00:00]} 45. a7 {[%emt 0:00:00]} f4 {[%emt 0:00:00]} 46. a8=Q {[%emt 0:00:00]} f3 {[%emt 0:00:00]} 47. Qxf3 {[%emt 0:00:00]} f5 {[%emt 0:00:01]} 48. Bd8+ {[%emt 0:00:02]} Kg6 {[%emt 0:00:02]} 49. Re6+ {[%emt 0:00:00]} Kf7 {[%emt 0:00:01]} 50. Qxf5+ {[%emt 0:00:01]} Kg8 {[%emt 0:00:00]} 51. Rg6+ {[%emt 0:00:00]} Kh8 {[%emt 0:00:00]} 52. Qh5# {[%emt 0:00:00] (Lag: Av=0.72s, max=1.8s)} 1-0

[Event "Stay Safe Play From Home 278"]
[Site "Emanuel Lasker Arena"]
[Date "2020.07.05"]
[Round "2"]
[White "Mepe_Nika"]
[Black "Rogan"]
[Result "0-1"]
[WhiteElo "2371"]
[BlackElo "2240"]
[PlyCount "110"]
[EventDate "2020.07.05"]
[EventType "swiss (blitz)"]

1. d4 {[%emt 0:00:01]} d5 {[%emt 0:00:01]} 2. Bf4 {[%emt 0:00:00]} c6 {[%emt 0:00:00]} 3. c3 {[%emt 0:00:01]} Qb6 {[%emt 0:00:00]} 4. Qb3 {[%emt 0:00:00]} Qxb3 {[%emt 0:00:01]} 5. axb3 {[%emt 0:00:00]} a6 {[%emt 0:00:01]} 6. Nd2 {[%emt 0:00:01]} Bf5 {[%emt 0:00:00]} 7. Ngf3 {[%emt 0:00:01]} Nd7 {[%emt 0:00:00]} 8. e3 {[%emt 0:00:00]} e6 {[%emt 0:00:00]} 9. Nh4 {[%emt 0:00:01]} Bg6 {[%emt 0:00:01]} 10. Nxg6 {[%emt 0:00:01]} hxg6 {[%emt 0:00:00]} 11. Be2 {[%emt 0:00:01]} Ngf6 {[%emt 0:00:00]} 12. h3 {[%emt 0:00:00]} Nh5 {[%emt 0:00:01]} 13. Bh2 {[%emt 0:00:01]} Be7 {[%emt 0:00:00]} 14. O-O {[%emt 0:00:00]} f5 {[%emt 0:00:00]} 15. f3 {[%emt 0:00:02]} O-O {[%emt 0:00:01]} 16. e4 {[%emt 0:00:01]} Bg5 {[%emt 0:00:04]} 17. Rfd1 {[%emt 0:00:04]} fxe4 {[%emt 0:00:02]} 18. fxe4 {[%emt 0:00:01]} Be3+ {[%emt 0:00:01]} 19. Kh1 {[%emt 0:00:02]} Rf2 {[%emt 0:00:06]} 20. Bxh5 {[%emt 0:00:02]} gxh5 {[%emt 0:00:00]} 21. Nf1 {[%emt 0:00:01]} Bh6 {[%emt 0:00:02]} 22. exd5 {[%emt 0:00:05]} exd5 {[%emt 0:00:00]} 23. Rab1 {[%emt 0:00:01]} Raf8 {[%emt 0:00:01]} 24. Bg3 {[%emt 0:00:01]} Rc2 {[%emt 0:00:02]} 25. Nh2 {[%emt 0:00:03]} Nf6 {[%emt 0:00:01]} 26. Nf3 {[%emt 0:00:01]} Ne4 {[%emt 0:00:01]} 27. Bh4 {[%emt 0:00:01]} g5 {[%emt 0:00:01]} 28. Be1 {[%emt 0:00:01]} g4 {[%emt 0:00:01]} 29. hxg4 {[%emt 0:00:01]} hxg4 {[%emt 0:00:01]} 30. Ng1 {[%emt 0:00:03]} Rf1 {[%emt 0:00:04]} 31. Bh4 {[%emt 0:00:00]} Rxd1 {[%emt 0:00:04]} 32. Rxd1 {[%emt 0:00:00]} g3 {[%emt 0:00:02]} 33. Nf3 {[%emt 0:00:02]} Nf2+ {[%emt 0:00:02]} 34. Kg1 {[%emt 0:00:03]} Nxd1 {[%emt 0:00:00]} 35. Bxg3 {[%emt 0:00:00]} Be3+ {[%emt 0:00:02]} 36. Kh2 {[%emt 0:00:01]} Bf2 {[%emt 0:00:01]} 37. Be5 {[%emt 0:00:01]} Ne3 {[%emt 0:00:01]} 38. Ng5 {[%emt 0:00:00]} Ng4+ {[%emt 0:00:03]} 39. Kh3 {[%emt 0:00:00]} Nxe5 {[%emt 0:00:00]} 40. dxe5 {[%emt 0:00:01]} Rxb2 {[%emt 0:00:01]} 41. Ne6 {[%emt 0:00:01]} Re2 {[%emt 0:00:01]} 42. Nd8 {[%emt 0:00:01]} Rxe5 {[%emt 0:00:00]} 43. Nxb7 {[%emt 0:00:00]} Re3+ {[%emt 0:00:00]} 44. Kh2 {[%emt 0:00:03]} Rxc3 {[%emt 0:00:00]} 45. Nd8 {[%emt 0:00:01]} Rxb3 {[%emt 0:00:00]} 46. Nxc6 {[%emt 0:00:00]} a5 {[%emt 0:00:00]} 47. Nxa5 {[%emt 0:00:01]} Rc3 {[%emt 0:00:02]} 48. Nb7 {[%emt 0:00:01]} d4 {[%emt 0:00:00]} 49. Nd6 {[%emt 0:00:00]} Bg3+ {[%emt 0:00:03]} 50. Kh3 {[%emt 0:00:03]} Bxd6+ {[%emt 0:00:00]} 51. Kg4 {[%emt 0:00:00]} d3 {[%emt 0:00:00]} 52. Kf5 {[%emt 0:00:00]} d2 {[%emt 0:00:00]} 53. Ke6 {[%emt 0:00:00]} d1=Q {[%emt 0:00:00]} 54. g4 {[%emt 0:00:00]} Qxg4+ {[%emt 0:00:00]} 55. Kd5 {[%emt 0:00:02]} Rf3 {[%emt 0:00:00] Time (Lag: Av=0.37s, max=0.9s) .} 0-1

[Event "Stay Safe Play From Home 278"]
[Site "Emanuel Lasker Arena"]
[Date "2020.07.05"]
[Round "2"]
[White "SoulofWolf"]
[Black "Broken sword"]
[Result "0-1"]
[WhiteElo "2155"]
[BlackElo "2471"]
[PlyCount "102"]
[EventDate "2020.07.05"]
[EventType "swiss (blitz)"]

1. d4 {[%emt 0:00:01]} d5 {[%emt 0:00:01]} 2. Nf3 {[%emt 0:00:00]} c6 {[%emt 0:00:01]} 3. c4 {[%emt 0:00:00]} Nf6 {[%emt 0:00:00]} 4. Nc3 {[%emt 0:00:00]} dxc4 {[%emt 0:00:01]} 5. a4 {[%emt 0:00:01]} Bf5 {[%emt 0:00:01]} 6. Bg5 {[%emt 0:00:01]} Nbd7 {[%emt 0:00:01]} 7. e3 {[%emt 0:00:00]} e6 {[%emt 0:00:01]} 8. Bxc4 {[%emt 0:00:01]} Bb4 {[%emt 0:00:00]} 9. O-O {[%emt 0:00:00]} O-O {[%emt 0:00:00]} 10. Ne2 {[%emt 0:00:01]} h6 {[%emt 0:00:02]} 11. Bh4 {[%emt 0:00:01]} Be7 {[%emt 0:00:01]} 12. Ng3 {[%emt 0:00:01]} Bh7 {[%emt 0:00:01]} 13. Re1 {[%emt 0:00:01]} Nd5 {[%emt 0:00:01]} 14. Bxe7 {[%emt 0:00:02]} Qxe7 {[%emt 0:00:00]} 15. Qd2 {[%emt 0:00:01]} a5 {[%emt 0:00:01]} 16. e4 {[%emt 0:00:03]} Nb4 {[%emt 0:00:01]} 17. Rad1 {[%emt 0:00:02]} Nf6 {[%emt 0:00:01]} 18. b3 {[%emt 0:00:02]} Rfd8 {[%emt 0:00:01]} 19. Ne5 {[%emt 0:00:00]} Nd7 {[%emt 0:00:01]} 20. Nf3 {[%emt 0:00:01]} Nf6 {[%emt 0:00:01]} 21. Qe3 {[%emt 0:00:01]} Nc2 {[%emt 0:00:02]} 22. Qe2 {[%emt 0:00:01]} Nxe1 {[%emt 0:00:00]} 23. Qxe1 {[%emt 0:00:00]} Qb4 {[%emt 0:00:04]} 24. h3 {[%emt 0:00:01]} Qxe1+ {[%emt 0:00:01]} 25. Nxe1 {[%emt 0:00:01]} Nxe4 {[%emt 0:00:01]} 26. Nxe4 {[%emt 0:00:01]} Bxe4 {[%emt 0:00:00]} 27. f3 {[%emt 0:00:01]} Bd5 {[%emt 0:00:01]} 28. Rc1 {[%emt 0:00:02]} Rac8 {[%emt 0:00:01]} 29. Nd3 {[%emt 0:00:02]} b5 {[%emt 0:00:00]} 30. axb5 {[%emt 0:00:01]} cxb5 {[%emt 0:00:00]} 31. Nc5 {[%emt 0:00:01]} bxc4 {[%emt 0:00:02]} 32. bxc4 {[%emt 0:00:00]} Rxc5 {[%emt 0:00:04]} 33. dxc5 {[%emt 0:00:01]} Bc6 {[%emt 0:00:00]} 34. Ra1 {[%emt 0:00:01]} a4 {[%emt 0:00:00]} 35. Ra3 {[%emt 0:00:02]} Rd4 {[%emt 0:00:01]} 36. Rc3 {[%emt 0:00:00]} Kf8 {[%emt 0:00:03]} 37. Kf2 {[%emt 0:00:00]} e5 {[%emt 0:00:00]} 38. Ke3 {[%emt 0:00:00]} Ke7 {[%emt 0:00:00]} 39. h4 {[%emt 0:00:01]} f6 {[%emt 0:00:01]} 40. g3 {[%emt 0:00:00]} Kd7 {[%emt 0:00:01]} 41. Ra3 {[%emt 0:00:01]} Rxc4 {[%emt 0:00:01]} 42. Rd3+ {[%emt 0:00:00]} Kc7 {[%emt 0:00:01]} 43. Ra3 {[%emt 0:00:02]} Rxc5 {[%emt 0:00:00]} 44. Kf2 {[%emt 0:00:01]} Rc4 {[%emt 0:00:01]} 45. Kg2 {[%emt 0:00:01]} Rb4 {[%emt 0:00:00]} 46. Ra2 {[%emt 0:00:01]} Rb3 {[%emt 0:00:01]} 47. Kh3 {[%emt 0:00:01]} a3 {[%emt 0:00:01]} 48. f4 {[%emt 0:00:02]} Bd7+ {[%emt 0:00:01]} 49. Kh2 {[%emt 0:00:01]} exf4 {[%emt 0:00:00]} 50. gxf4 {[%emt 0:00:00]} Be6 {[%emt 0:00:00]} 51. Kg1 {[%emt 0:00:01]} Rb1+ {[%emt 0:00:02] SoulofWolf poddaje siê (Lag: Av=0.43s, max=1.2s)} 0-1